Ante el tercer milenio : medita, ora, emprende un nuevo camino / [por] Carlos Ignacio González, S.J.

Guardat en:
Dades bibliogràfiques
Autor principal: González, Carlos Ignacio (autor)
Format: Llibre
Matèries:
Etiquetes: Afegir etiqueta
Sense etiquetes, Sigues el primer a etiquetar aquest registre!

MARC

LEADER 00000nam^a2200000^u^4500
001 000540607
005 20250521000000.0
008 060220s1000^^^^^^^^^^^^r^^^^^000^0^spa^d
009 20260310131206.646
035 |a FMI 000008681 
037 |a Acervo Xavier Clavigero 
096 |a 4.3/73/C 
100 |a González, Carlos Ignacio  |e (autor) 
245 1 0 |a Ante el tercer milenio : medita, ora, emprende un nuevo camino / [por] Carlos Ignacio González, S.J. 
264 |a México : Buena Prensa, 1966 
300 |a 218 p. 
336 |a texto  |b txt  |2 rdacontenido 
337 |a sin mediación  |b n  |2 rdamedio 
338 |a volumen  |b nc  |2 rdasoporte 
649 |a XX 
650 |a ORACION 
910 |a Fondo Francisco Migoya Covarrubias S.J. 
920 |a Impresos - Libros 
930 |a Fondos Especiales 
905 |a 134 
901 |a SBC08002  |b IT2  |c ESP  |u 20250521 
902 |a https://opac.biblio.iteso.mx/vufind/Record/000540607